书目信息 |
| 题名: |
香水
|
|
| 作者: | 艾列纳 著 ;孙钦昊 译 | |
| 分册: | ||
| 出版信息: | 桂林 广西师范大学出版社 2021.3 |
|
| 页数: | 363页 | |
| 开本: | 13x21cm | |
| 丛书名: | ||
| 单 册: | ||
| 中图分类: | TQ658.1 | |
| 科图分类: | ||
| 主题词: | 香水--研究 | |
| 电子资源: | ||
| ISBN: | 978-7-5598-3535-2 | |
| 000 | 01385nam0 2200277 45 | |
| 001 | 012001001643 | |
| 005 | 20140914144440.0 | |
| 010 | @a978-7-5598-3535-2@b精装@dCNY98.00 | |
| 100 | @a20210708d2021 em y0chiy50 ea | |
| 101 | 1 | @achi@cfre |
| 102 | @aCN@b450000 | |
| 105 | @ay z 001yy | |
| 106 | @ar | |
| 200 | 1 | @a香水@Axiang shui@b专著@e气味的炼金术@dLe parfum@f(法)让-克罗德·艾列纳(Jean-Claude Ellena)著@g孙钦昊译@zfre |
| 210 | @a桂林@c广西师范大学出版社@d2021.3 | |
| 215 | @a363页@d13x21cm | |
| 300 | @a湖岸·文学 | |
| 300 | @a并列题名:Parfum | |
| 330 | @a香水知识的入门圣经,爱马仕专属调香师艾列纳打开他的实验室大门,带你领略现代香水全景,揭露气味炼金术背后的秘密:调香师的工作、香水的类型划分、原料的提取、天然香料、香料如何采集、香水制造商、贸易、如何营销包装气味……香水的世界从外面看纷繁诗意,从里面看是冰冷的化学与充满人性的嗅觉,是另一个科技与人文的交界。香水业去神秘化后的诸多干货呈现,让你真正懂得香水。爱马仕专属调香师出品,最懂香水的人为时尚爱好者写的入门指南。对香水背后的整个时尚产业做了全面客观的呈现,详细讲述作为世界顶级调香师,他探索气味、训练嗅觉的方法,及其所创经典香水的灵感来源和创作过程。 | |
| 510 | 1 | @aParfum@zfre |
| 606 | 0 | @a香水@x研究 |
| 690 | @aTQ658.1@v5 | |
| 701 | 0 | @c(法)@a艾列纳@Aai lie na@c(Ellena, Jean-Claude)@4著 |
| 702 | 0 | @a孙钦昊@Asun qin hao@4译 |
| 801 | 0 | @aCN@bBJSDL@c20211011 |
| 905 | @b1336653-6@dTQ658.1@e98@f4 | |
| 香水:气味的炼金术=Le parfum/(法)让-克罗德·艾列纳(Jean-Claude Ellena)著/孙钦昊译.-桂林:广西师范大学出版社,2021.3 |
| 363页;13x21cm |
| 湖岸·文学.-并列题名:Parfum |
| ISBN 978-7-5598-3535-2(精装):CNY98.00 |
| 香水知识的入门圣经,爱马仕专属调香师艾列纳打开他的实验室大门,带你领略现代香水全景,揭露气味炼金术背后的秘密:调香师的工作、香水的类型划分、原料的提取、天然香料、香料如何采集、香水制造商、贸易、如何营销包装气味……香水的世界从外面看纷繁诗意,从里面看是冰冷的化学与充满人性的嗅觉,是另一个科技与人文的交界。香水业去神秘化后的诸多干货呈现,让你真正懂得香水。爱马仕专属调香师出品,最懂香水的人为时尚爱好者写的入门指南。对香水背后的整个时尚产业做了全面客观的呈现,详细讲述作为世界顶级调香师,他探索气味、训练嗅觉的方法,及其所创经典香水的灵感来源和创作过程。 |
| ● |
| 相关链接 |
|
|
|
|
正题名:香水
索取号:TQ658.1/98
 
预约/预借
| 序号 | 登录号 | 条形码 | 馆藏地/架位号 | 状态 | 备注 |
| 1 | 1336653 | 213366533 | 第二样本阅览室/ [索取号:TQ658.1/98] | 在馆 | |
| 2 | 1336654 | 213366542 | 第三借阅区/ [索取号:TQ658.1/98] | 在馆 | |
| 3 | 1336655 | 213366551 | 第三借阅区/ [索取号:TQ658.1/98] | 在馆 | |
| 4 | 1336656 | 213366560 | 第三借阅区/ [索取号:TQ658.1/98] | 在馆 |